000
00299nam a22001457a 4500
008
210608b ||||| |||| 00| 0 eng d
020
_a
9781259308512
041
_a
eng
080
_a
338
082
_a
338
100
_a
54
101
_a
MEN
245
_a
Management
_c
Hill,M.G
942
_2
udc
_c
BK
999
_c
58063
_d
58063